Stations de la ligne T2 du tramway francilien sur une carte - Statistiques

Statistiques générales
  • Ce quiz a été pris 237 fois
  • Le résultat moyen est 16 sur 24
Réponses sur la Carte
Les réponses sont colorées sur une échelle allant du rouge au vert en fonction du pourcentage des utilisateurs qui les ont devinées à leur premier essai. Vous pouvez retrouver ces pourcentages ci-dessous.
 
Statistiques - réponses
Arrêt % Correct
La Défense - Grande Arche
96%
Porte de Versailles - Parc des Expositions
94%
Pont de Bezons
93%
Puteaux
89%
Suresnes - Longchamp
83%
Issy-Val de Seine
81%
Parc de Saint-Cloud
77%
Suzanne Lenglen
76%
Les Moulineaux
74%
Musée de Sèvres
74%
Les Coteaux
69%
Belvédère
65%
Les Milons
62%
Brimborion
61%
Faubourg de l'Arche
61%
Meudon-sur-Seine
60%
Porte d'Issy - Éliane Jeannin-Garreau
60%
Charlebourg
59%
Jacques-Henri Lartigue
56%
Henri Farman - Porte de Seine
54%
Victor Basch
52%
Les Fauvelles
51%
Jacqueline Auriol
49%
Parc Pierre Lagravère
46%
Aucun quiz correspondant
Distribution des résultats
% des personnes avec chaque résultat
Percentile par nombre de réponses
Votre historique - résultats
Vous n’avez pas pris ce quiz